• 首页
  • 本馆介绍
  • 公告通知
  • 最新文献
  • 馆藏检索
  • 电子资源
  • 读者导购
  • 参考咨询
  • 我的图书馆
  • 登录
  • 详细信息显示
  • 放入我的书架
  • 预约/预借图书
  • 作者相关作品
  • 分类相关作品
  • 丛书相关作品
  • 出版社相关作品

书目信息

  • 表格格式
  • 工作单格式
  • 卡片格式
题名:
英语词典初探
    
 
作者: 李荫华 编
分册:  
出版信息: 北京   商务印书馆  1985
页数: 250页
开本: 19cm
丛书名:
单 册:
中图分类: H06
科图分类: 7
主题词: 词典学
电子资源:
ISBN:
000 00595nam0 2200241 45
001 0185013670
005 20040423111243.9
010    @dCNY1.25
100    @a19951031d1985 em y0chiy0121 ea
101 0  @achi
102    @aCN@b110000
105    @ay z 000yy
106    @ar
200 10 @a英语词典初探@Aying yu ci dian chu tan@f李荫华编
210    @a北京@c商务印书馆@d1985
215    @a250页@d19cm
606 0  @a词典学
690    @aH06
692    @a7
701  0 @a李荫华@4编@Ali yin hua
801  0 @aCN@b深圳图书馆@c20040423
801  2 @aCN@bNLC@c20040423
905    @f7@b159837-843@dH06@e52
    
    英语词典初探/李荫华编.-北京:商务印书馆,1985
    250页;19cm
    
    
    ISBN :CNY1.25
    
●
相关链接 在E读中查询图书 在五车中查询图书 在当当中查询图书 在豆瓣中查询图书


正题名:英语词典初探     索取号:H06/52         预约/预借

序号 登录号 条形码 馆藏地/架位号 状态 备注
1 0159837   000823283   密集书库/ [索取号:H06/52] 在馆    
2 0159838   000823292   密集书库/ [索取号:H06/52] 在馆    
3 0159839   000823256   密集书库/ [索取号:H06/52] 在馆    
4 0159840   000823265   密集书库/ [索取号:H06/52] 在馆    
5 0159841   000823247   密集书库/ [索取号:H06/52] 在馆    
6 0159842   000823238   密集书库/ [索取号:H06/52] 在馆    
7 0159843   000823309   第四借阅区/ [索取号:H06/52] 在馆    
8 0159884   000823274   第二样本阅览室/ [索取号:H06/52] 在馆    
唐山师范学院图书馆 欢迎您!
大连网信软件有限公司© 版权所有